000 00810nam a2200217 a 4500
001 001075338
003 AM-YeHGA
005 20250618074405.0
008 140425s2014 ai r 000 0 arm d
020 _a9789939516479
040 _aAM-YeHGA
041 1 _aarm
_hpol
245 1 0 _aՍոլարիս :
_bՎեպ /
_cՍ. Լեմ; Լեհ. թարգմ.՝ Մ. Գրախոլսկա, Վ. Վասիլյան; Խմբ.՝ Ա. Նիկողոսյան.
260 _aԵրևան :
_bԱնտարես,
_c2014.
300 _a264 էջ ;
_c21 սմ.
650 1 4 _aԼեհական գրականություն
_xՎեպ
700 1 _aԳրախոլսկա, Մ
_eթարգմ.
_4trl
700 1 _aՎասիլյան, Վ.
_eթարգմ.
_4trl
700 1 _aՆիկողոսյան, Արքմենիկ Հրայրի,
_d1979-
_eխմբ.
_4edt
_94117
090 _c350091
999 _c348282
_d348282